00851cam a22002657a 4500003000500000005001700005008004100022010001000063011001000073020001500083035001000098040000900108082001600117100003300133245007500166260006100241300002000302410003400322490003700356650002000393700002500413711007600438810003400514830003700548CHAP20220329142224.0000225d1984 us a r 00010 eng d a80119 a81091 a0893272531 a91552 cCHAP04a581.508bP700aPrance, Ghillean Tolmieeed.10aEthnobotany in the neotropicsc/ed. by G. T. Prance and J. A. Kallunki aBronx, New York :bThe New York Botanical Center,c1984. a156 p. :bilus.2 aThe New York Botanical Garden 0aAdvances in economic botanyv; 114aEtnobotánica.0 aKallunki, J. A.eed.0 aEthnobotany Neotropics Symposium (1983 : Oxford, Ohio) : proceedings...00aThe New York Botanical Garden00aAdvances in economic botanyv; 1